Southville International School and Colleges
Your cart is empty.
  • Cart
  • Lists
    Public lists list_1 View all
    Your lists Log in to create your own lists
  • Log in to your account
  • Your cookies
  • Search history
Southville International School and Colleges
  • Advanced search
  • Recent comments
  • Most popular
  • Libraries

Log in to your account

Log in with GOOGLE


If you do not have an external account, but do have a local account, you can still log in:

  1. Home
  2. MARC view: Takeaway english 3
Normal view MARC view ISBD view

Takeaway english 3 (Record no. 284714)

[ view plain ]
MARC details
000 -LEADER
fixed length control field 00715nam a22001937a 4500
003 - CONTROL NUMBER IDENTIFIER
control field PILC
005 - DATE AND TIME OF LATEST TRANSACTION
control field 20150820110332.0
008 - FIXED-LENGTH DATA ELEMENTS--GENERAL INFORMATION
fixed length control field 150604b xxu||||| |||| 00| 0 eng d
020 ## - INTERNATIONAL STANDARD BOOK NUMBER
International Standard Book Number 9786071505934
050 ## - LIBRARY OF CONGRESS CALL NUMBER
Classification number PE 1001 .L897 te3tg 2012
100 ## - MAIN ENTRY--PERSONAL NAME
Personal name Loveday, Peter
245 ## - TITLE STATEMENT
Title Takeaway english 3
Remainder of title : english for success : teacher's guide
Statement of responsibility, etc Peter Loveday., Melissa Koop., Sally Trowbridge. --
260 ## - PUBLICATION, DISTRIBUTION, ETC. (IMPRINT)
Place of publication, distribution, etc New York,
Name of publisher, distributor, etc McGraw Hill
Date of publication, distribution, etc 2012
300 ## - PHYSICAL DESCRIPTION
Extent 394 pages.,
Other physical details col.,ill.,
Dimensions ; 27 cm.
Accompanying material Teacher's Guide
500 ## - GENERAL NOTE
General note Includes answer key and audio list.
650 ## - SUBJECT ADDED ENTRY--TOPICAL TERM
Topical term or geographic name as entry element English Language
700 ## - ADDED ENTRY--PERSONAL NAME
Personal name Koop, Melissa., Sally Trowbridge
942 ## - ADDED ENTRY ELEMENTS (KOHA)
Source of classification or shelving scheme Library of Congress Classification
Koha item type Books
Classification part PE 1001 .L897 te3tg 2012
Holdings
Withdrawn status Lost status Source of classification or shelving scheme Damaged status Home library Current library Shelving location Date acquired Source of acquisition Total Checkouts Full call number Barcode Date last seen Price effective from Koha item type Total Renewals Date checked out
    Library of Congress Classification   Luxembourg Library Luxembourg Library Teachers Reference Section 06/04/2015 Library Fund   PE 1001 .L897 te3tg 2012 19951 06/16/2015 06/04/2015 Books    
    Library of Congress Classification   Luxembourg Library Luxembourg Library Teachers Reference Section 07/07/2015 Library Fund 3 PE 1001 .L897 te3tg 2012 20073 04/25/2018 07/07/2015 Books 5 07/24/2017

Takeaway english 3

APA

Loveday P., Koop M. S. T., . (2012). Takeaway english 3. New York: McGraw Hill.

Chicago

Loveday Peter, Koop Melissa Sally Trowbridge, . 2012. Takeaway english 3. New York: McGraw Hill.

Harvard

Loveday P., Koop M. S. T., . (2012). Takeaway english 3. New York: McGraw Hill.

MLA

Loveday Peter, Koop Melissa Sally Trowbridge, . Takeaway english 3. New York: McGraw Hill. 2012.

  • Place hold
  • Print
  • Cite
  • Add to your cart (remove)
  • Save record
    BIBTEX Dublin Core MARCXML MARC (non-Unicode/MARC-8) MARC (Unicode/UTF-8) MARC (Unicode/UTF-8, Standard) MODS (XML) RIS
  • More searches
    Search for this title in:
    Other Libraries (WorldCat) Other Databases (Google Scholar) Online Stores (Bookfinder.com) Open Library (openlibrary.org)

Exporting to Dublin Core...

SOUTHVILLE LIBRARY

Southville International School and Colleges Library

1281 Tropical Ave. Cor. Luxembourg St., BF Homes International, Las Pinas City

Tel. No. 8256374 / 252358 Loc. 117/146

Powered by Koha